| 000 | 00678nam a2200217Ia 4500 | ||
|---|---|---|---|
| 003 | GCL | ||
| 008 | 140319s9999 xx 000 0 ara d | ||
| 040 |
_aGCL / _cGCL |
||
| 082 | 0 | 4 |
_a962 _bات |
| 100 | 1 | _aاديب نجيب سلامة | |
| 245 | 1 | 0 |
_aتاريخ الكنيسة الانجيلية فى مصر (1854 - 1980) / _cاديب نجيب سلامة |
| 260 |
_a[S.N] : _bدار الثقافة العربية ، _c1982 |
||
| 300 | _a267 ص | ||
| 490 | _a | ||
| 650 | 0 | 4 | _aمصر |
| 650 | 0 | 4 | _aتاريخ |
| 650 | 0 | 4 | _aالمسيحيون المصريون |
| 650 | 0 | 4 | _aالكنيسة القبطية |
| 650 | 0 | 4 | _aالكنيسة الانجيلية |
| 942 |
_2ddc _cBK |
||
| 999 |
_c44559 _d44559 |
||